Władca Pierścieni - Mapa Śródziemia - Statystyki

Ogólne statystyki
  • Ten quiz został rozwiązany 1 024 razy
    1 016 od ostatniego zresetowania
  • Średni wynik to 24 z 85
Odpowiedzi na mapie
Odpowiedzi zakodowano w zielono-czerwonej skali na mapie do tego quizu, zgodnie z poniższymi procentami.
 
Statystyki odpowiedzi
% Poprawnych
"Złe Ziemie" Mordor
93%
Królestwa Ludzi Zachodu Gondor
89%
Inne obszary Zachodu Shire
86%
Królestwa Ludzi Zachodu Rohan
84%
Moria
75%
Ziemie Elfów Rivendell (Imladris)
68%
Krasnoludzkie terytoria Erebor
67%
Inne obszary Zachodu Isengard
63%
"Złe Ziemie" Mroczna Puszcza(Mirkwood)
63%
Krasnoludzkie terytoria Góry Mgliste(Ered Hithui)
58%
Ziemie Elfów Lothlorien
53%
Minas Tirith
53%
Minas Morgul (Minas Ithil)
48%
Królestwa Ludzi Zachodu Arnor
46%
Ludy wschodu i południa Rhun
46%
Ludy wschodu i południa Harad
43%
Inne obszary Zachodu Fangorn
42%
Krasnoludzkie terytoria Góry Błękitne(Ered Luin)
42%
Królestwo Dale
42%
Miasto Dale
42%
Orodruina (Góra Przeznaczenia)
42%
"Złe Ziemie" Angmar
41%
Barad-dur
40%
Dol Guldur
40%
Osgiliath
40%
Helmowy Jar
39%
"Złe Ziemie" Gundabad
35%
Krasnoludzkie terytoria Góry Szare(Ered Mithrin)
34%
Krasnoludzkie terytoria Żelazne Wzgórza(Emyn Engrin)
34%
Ludy wschodu i południa Umbar
33%
Czarna Brama(Morannon)
31%
Edoras
30%
Ithilien
29%
Ziemie Elfów Lindon
29%
Szara Przystań(Mithlond)
29%
Królestwo Rhovanion
28%
Ludy wschodu i południa Rhovanion
28%
Esgaroth
27%
Inne obszary Zachodu Eregion
26%
Góry Białe(Ered Nimrais)
26%
Dunland
24%
Góry Cienia(Ephel Duath)
23%
Khand
23%
Nurn
23%
Dagorlad
21%
Gorgoroth
20%
Dol Amroth
18%
Fornost
18%
Królestwa Ludzi Zachodu Rhudaur
18%
Królestwa Ludzi Zachodu Cardolan
17%
Goblin Town(Miasto Goblinów)
17%
Góry Popielne(Ered Lithui)
17%
Harondor (Gondor Południowy)
17%
Ziemie Elfów Leśne Królestwo (Eryn Galen)
17%
Udun
17%
Belfalas
15%
Forlindon
15%
Królestwa Ludzi Zachodu Arthedain
14%
Emyn Muil
14%
Pelargir
14%
Inne obszary Zachodu Enedwaith
13%
Harlindon
13%
Carn Dum
12%
Anfalas
11%
Annuminas
11%
Dolina Anduiny
11%
Anorien
10%
Lebennin
10%
Brownlands
9%
Wyspy Zachodnie(Tol Fuin)
9%
Dorwinion
8%
Forlond
7%
Inne obszary Zachodu Forochel(Lossoth)
7%
Orle Gniazdo
7%
Tolfalas
7%
Aglarond
6%
Harlond
6%
Lamedon
6%
Mithlindon
5%
Tharbad
5%
Andrast
4%
Cameth Brin
3%
Druwaith Iaur
3%
Krasnoludzkie terytoria Nurunkhizdin
3%
Pinnath Gelin
3%
Nie znaleziono quizów pasujących do podanych kryteriów
Rozkład punktacji
Procent ludzi z każdym wynikiem
Percentyl według liczby udzielonych odpowiedzi
Twoja historia wyników
Nie rozwiązałeś tego quizu od ostatniego zresetowania